000 00534nam a2200169Ia 4500
005 20250508151938.0
008 008 250505s9999 xx 000 0 eng d
037 _aTextual
040 _aFEDL
_beng
_cFEDL
041 _aeng
_2eng
084 _a374.28, NAT
_qFEDL
245 0 _aOur neighbourhood: A handbook of information for community centers and associations
260 _aLondon, UK
_bThe National Council of Social Service
_c1950
300 _a94p.
942 _cTEXL
_h374.28, NAT
999 _c1333134
_d1333134